000
00476nam a2200169Ia 4500
008
090711s9999 xx 000 0 und d
082
_b
70888
100
_a
वर्टीकर मनोहर
245
_a
अमgत वाणी
260
_c
1992
300
_a
168
600
_a
वर्टीकर मनोहर
630
_a
अमgत वाणी
700
_a
वर्टीकर मनोहर
730
_a
अमgत वाणी
942
_c
BOOK
999
_c
333538
_d
333538